00573nam a2200193 a 450000100060000000300090000600800410001502000180005604000280007408200160010210000220011824500730014025000090021326000300022230000100025265000270026265000570028965000330034623622CO-ViMGA141112s2004 ck r 000 u spa d a9786071503145 aCO-ViMGAbspacCO-ViMGA04a005.3 P737i1 aPeressman, Rogers10aIngenieria del software : bUn enfoque practico / cRogers Peressman a7ed. aMéxico : bMc Graw Hill a777p.14aINGENIERIA DE SOTFWARE14aPROGRAMACION ( COMPUTADORES ELECTRONICOS DIGITALES) 14aPROGRAMAS PARA COMPUTADORES